| 000 | 00465nam a22001937a 4500 | ||
|---|---|---|---|
| 999 |
_c3944 _d3944 |
||
| 003 | Nust | ||
| 005 | 20170105101616.0 | ||
| 008 | 161128b xxu||||| |||| 00| 0 eng d | ||
| 020 | _a9780143066453 | ||
| 040 | _cNust | ||
| 041 | _heng | ||
| 082 |
_a823 _bCHU |
||
| 100 | _aIsmat Chughtai | ||
| 245 |
_aLifting the Veil _cIsmat Chughtai |
||
| 260 |
_aNew York; _bPenguin Books, _c2009. |
||
| 300 | _axxiv,261p. | ||
| 650 | _aEnglish Literature | ||
| 942 |
_2ddc _cBK |
||